000 00345 a2200157 4500
001 61205
020 _a851002099X
040 _cAnchieta - Pituba
100 _aSchwenck, Terezinha do Carmo
240 1 0 _aCiências
_lpor
245 1 0 _aCiências
300 _a192
362 0 _a1997
650 4 _aCiências naturais e matemática
942 _cBK
999 _c61205
_d61205